000 01086 a2200181 4500
003 Nust
005 20230119141632.0
040 _cNust
082 _a671,ARM
100 _aArmytage, George Jackson.
_9107129
245 _aMetalwork for schools & colleges, its principles & practice /
_cGeo. J. Armytage
260 _aLondon, H. Milford,
_bOxford university press
_c1929
300 _aviii, 272 p.
_b illus.,
_ccol. pl., diagrs.
_e25 cm
505 _aIntroduction (Page-1), Workshop Arrangement and Equipment (Page-8), The Power Problem (Page-17), Vise Work (Page-23), Drilling (Page-34), Screw Threads (Page-49), A Course in Fitting Practice (Page-61), Forgework and Smithy Practice (Page-70), The Heat Treatment of Steel (Page-95), Sheetmetal Work (Page-104), Brazing Silver Soldering (Page-124), Lathes and Lathework (Page-133), Molding and Casting Equipment (Page-168), Decorative Processes in Metalwork (Page-180), The Finish of Metallic Surfaces (Page-223).
650 _aMetal-work.
800 _aThe E.H.A. series of handbooks on school arts & crafts
_9107130
942 _2ddc
_cBK
999 _c190838
_d190838